Inter Mediolan 2024/2025 - Statystyki

Ogólne statystyki
  • Ten quiz został rozwiązany 117 razy
  • Średni wynik to 7 z 11
Statystyki odpowiedzi
Pozycja Zawodnik % Poprawnych
Bramkarz Jan Sommer
99%
Środkowy napastnik Lautaro Martinez
90%
Stoper Alessandro Bastoni
83%
Lewy wahadłowy Federico Dimarco
81%
Środkowy napastnik Marcus Thuram
81%
Prawy wahadłowy Denzel Dumfries
71%
Środkowy pomocnik Nicolo Barella
61%
Defensywny pomocnik Hakan Çalhanoglu
56%
Stoper Stefan de Vrij
44%
Środkowy pomocnik Henrich Mkhitaryan
35%
Stoper Benjamin Pavard
4%
Nie znaleziono quizów pasujących do podanych kryteriów
Rozkład punktacji
Procent ludzi z każdym wynikiem
Percentyl według liczby udzielonych odpowiedzi
Twoja historia wyników
Nie rozwiązałeś tego quizu